000 00635nam a2200229 i 4500
001 13668
003 ES-MaACL
005 20230906150634.0
007 t|
008 980526s1986 ve ||||1| spa d
020 _a980-01-0041-5
080 _a821.134.2(87)-32"19"
100 1 _aBalza, José.
_925138
245 1 3 _aLa mujer de espaldas
_b: ejercicios holográficos, 1980-1985 /
_cJosé Balza.
250 _a1ª ed.
260 _aCaracas :
_bMonte Avila,
_c1986.
300 _a99 p. ;
_c18 cm.
490 1 _aContinentes
830 0 _aContinentes
_9179516
852 _aES-MaACL
_jL-21003
_bR.112993
999 _c13668
_d13668